| 000 | 00710cam a22002531 4500 | ||
|---|---|---|---|
| 001 | sa 66004177 | ||
| 003 | DLC | ||
| 005 | 20260227112240.0 | ||
| 008 | 810630s1965 ii b 000 0 eng | ||
| 010 | _asa 66004177 | ||
| 025 | _aPL480:I-E-5505 | ||
| 035 | _a(OCoLC)7541170 | ||
| 040 |
_aDLC _cMnSU _dMnSU _dDLC |
||
| 042 | _apremarc | ||
| 043 | _aa-ii--- | ||
| 050 | 0 | 0 |
_aHD9116.I415 _bM35 |
| 082 | _a334.68641 | ||
| 100 | 1 | _aInamdar, N. R. | |
| 245 | 1 | 0 |
_aGovernment and co-operative sugar factories _c[by] N. R. Inamdar. |
| 260 |
_aBombay, _bPopular Prakashan _c[1965] |
||
| 300 |
_ax, 139 p. _bfold. map. _c23 cm. |
||
| 650 | 0 | _aSugar trade. | |
| 650 | 0 |
_aCooperative societies _zIndia _zMaharashtra. |
|
| 999 |
_c69270 _d69270 |
||